Stolice świata z literą „U” - Statystyki

Ogólne statystyki
  • Ten quiz został rozwiązany 526 razy
    76 od ostatniego zresetowania
  • Średni wynik to 47 z 53
Statystyki odpowiedzi
Stolica % Poprawnych
Budapeszt
97%
Buenos Aires
97%
Bukareszt
97%
Dublin
97%
Lublana
97%
Luksemburg
97%
Ułan Bator
97%
Vaduz
97%
Bruksela
94%
Duszanbe
94%
Kuwejt
94%
Seul
94%
Abu Zabi
91%
Baku
91%
Katmandu
91%
Kuala Lumpur
91%
Luanda
91%
Nawakszut
91%
Port-au-Prince
91%
Singapur
91%
Tegucigalpa
91%
Tunis
91%
Bandżul
88%
Dżuba
88%
Funafuti
88%
Jamusukro
88%
Jaunde
88%
Kabul
88%
Lusaka
88%
Maputo
88%
Maseru
88%
Nassau
88%
Nuku'alofa
88%
Port Louis
88%
Wagadugu
88%
Windhuk
88%
Abudża
84%
Asunción
84%
Bissau
84%
Chartum
84%
Dżibuti
84%
Managua
84%
Mogadiszu
84%
Ngerulmud
84%
Suva
84%
Ciudad de la Paz
81%
Majuro
81%
Quito
81%
Thimphu
81%
Roseau
78%
Sucre
78%
Sri
Dźajawardanapura
Kotte
75%
Bejrut
69%
Nie znaleziono quizów pasujących do podanych kryteriów
Rozkład punktacji
Procent ludzi z każdym wynikiem
Percentyl według liczby udzielonych odpowiedzi
Twoja historia wyników
Nie rozwiązałeś tego quizu od ostatniego zresetowania